Statistiken für Städte und Gemeinden im Landkreis Harburg mit Karte

Klicken Sie hier um das Quiz zu spielen!

Allgemein

  • Dieses Quiz wurde 123 mal gespielt
  • Das Durchschnittsergebnis liegt bei 19 aus 42

Antworten auf der Karte

Die Antworten werden auf der Karte rot bzw. grün angezeigt, abhängig davon wie oft sie richtig erraten wurden.
 

Antwortstatistiken

Stadt oder Gemeinde% Korrekt
Winsen (Luhe)
92%
Buchholz in der Nordheide
82%
Seevetal
82%
Tostedt
68%
Rosengarten
66%
Jesteburg
58%
Neu Wulmstorf
58%
Salzhausen
56%
Stelle
56%
Egestorf
54%
Hanstedt
54%
Tespe
50%
Undeloh
50%
Asendorf
46%
Handeloh
46%
Drage
44%
Eyendorf
44%
Marschacht
44%
Welle
44%
Appel
42%
Garlstorf
42%
Garstedt
42%
Heidenau
42%
Marxen
42%
Bendestorf
40%
Hollenstedt
40%
Moisburg
40%
Königsmoor
38%
Vierhöfen
38%
Brackel
36%
Harmstorf
36%
Kakenstorf
36%
Toppenstedt
36%
Wistedt
36%
Otter
34%
Wulfsen
34%
Drestedt
32%
Regesbostel
32%
Dohren
30%
Gödenstorf
30%
Halvesbostel
30%
Wenzendorf
30%

Verteilung der Resultate

Perzentil nach korrekt beantworteten Fragen

Anzahl Personen mit jedem Resultat

Ihre Resultats-Entwicklung

Sie haben dieses Quiz noch nicht gespielt